Départements français - Mort subite - Statistiques

Statistiques générales
  • Ce quiz a été pris 200 996 fois
    199 150 depuis la dernière actualisation
  • Le résultat moyen est 7 sur 18
Answers on the Grid
Answers color-coded by a green-red scale on the quiz's grid according to % correct below.
Garonne
Vivarais
Périgord
Corse-du-Nord
Côtes-du-Rhône
Rhône-et-Saône
Haute-Seine
Saint-Pierre-et-Miquelon
Val-de-Saône
Sèvre
Luberon
Cévennes
Nivernais
Île-de-France
Sologne
Tarn-et-Garonne
Mayotte
Indre-et-Loire
Corrèze
Meurthe-et-Moselle
Haute-Saône
Jura
Ille-et-Vilaine
Vienne
Gers
Pyrénées-Atlantiques
Var
Allier
Eure-et-Loir
Essonne
Nouvelle-Calédonie
Alsace
Ariège
Val-d'Oise
Aubrac
Morbihan
 
Statistiques - réponses
Réponse % Correct
Var
45%
Jura
43%
Val-d'Oise
39%
Essonne
38%
Morbihan
38%
Allier
37%
Corrèze
37%
Eure-et-Loir
37%
Ille-et-Vilaine
37%
Indre-et-Loire
37%
Meurthe-et-Moselle
37%
Gers
36%
Pyrénées-Atlantiques
36%
Mayotte
35%
Tarn-et-Garonne
35%
Ariège
34%
Haute-Saône
33%
Vienne
32%
Aucun quiz correspondant
Distribution des résultats
% des personnes avec chaque résultat
Percentile par nombre de réponses
Votre historique - résultats
Vous n’avez pas pris ce quiz depuis la dernière actualisation